[Event "COL-ch U18"]
[Site "Medellin"]
[Date "2022.06.01"]
[Round "1"]
[White "Giraldo Alvarez, Simon"]
[Black "Hernandez Jimenez, Jeronimo"]
[Result "0-1"]
[WhiteElo "1569"]
[BlackElo "2139"]
[PlyCount "108"]
[EventDate "2022.06.01"]
[EventType "swiss"]
[EventRounds "9"]
[EventCountry "COL"]
[SourceTitle "CBM 208 Extra"]
[Source "ChessBase"]
[SourceDate "2022.07.31"]
[SourceVersion "1"]
[SourceVersionDate "2022.07.31"]
[SourceQuality "1"]

1. e4 c6 2. d4 d5 3. exd5 cxd5 4. Nf3 Nc6 5. c4 Nf6 6. Nc3 e6 7. Be2 dxc4 8. Bxc4 Be7 9. 0-0 0-0 10. Bf4 a6 11. h3 b5 12. Bb3 Bb7 13. Rc1 Nb4 14. Ne5 Rc8 15. a3 Nbd5 16. Nxd5 Bxd5 17. Rxc8 Qxc8 18. Qd3 Qb7 19. Nf3 Be4 20. Qe3 Bxf3 21. Qxf3 Qxf3 22. gxf3 Rc8 23. Rc1 Rxc1+ 24. Bxc1 Kf8 25. Bf4 Nd7 26. Kf1 Bf6 27. Be3 Ke7 28. Ke2 Kd6 29. Kd3 g6 30. a4 Kc6 31. axb5+ axb5 32. Ke4 Nb6 33. Bd2 Bg7 34. Bc3 f5+ 35. Kd3 Nd5 36. Bd2 Bf6 37. Be3 Kd6 38. Bd1 Bh4 39. f4 h6 40. Bf3 Bf6 41. Bg2 Bd8 42. Bf3 Bf6 43. Bg2 Bd8 44. Bf3 Bc7 45. b3 Ba5 46. h4 h5 47. Bxd5 Kxd5 48. f3 Be1 49. Bg1 Bxh4 50. Bh2 Be7 51. Kc3 Bd6 52. Kd3 h4 53. Kc3 g5 54. fxg5 Bxh2 0-1

[Event "COL-ch U18 final"]
[Site "Medellin"]
[Date "2021.06.18"]
[Round "4"]
[White "Moncada Correa, Sara"]
[Black "Giraldo Alvarez, Simon"]
[Result "0-1"]
[WhiteElo "1869"]
[BlackElo "1434"]
[PlyCount "58"]
[EventDate "2021.06.16"]
[EventType "swiss"]
[EventRounds "7"]
[EventCountry "COL"]
[SourceTitle "EXT 2022"]
[Source "ChessBase"]
[SourceDate "2021.10.06"]
[SourceVersion "1"]
[SourceVersionDate "2021.10.06"]
[SourceQuality "1"]

1. d4 Nf6 2. c4 e6 3. g3 d5 4. Nf3 Be7 5. Bg2 0-0 6. 0-0 b6 7. cxd5 exd5 8. Nc3 Bb7 9. Ne5 Nbd7 10. Qa4 Nxe5 11. dxe5 Ne8 12. Rd1 c6 13. e4 Nc7 14. Be3 b5 15. Qb3 b4 16. exd5 cxd5 17. Nxd5 Nxd5 18. Bxd5 Bxd5 19. Rxd5 Qc8 20. Rad1 a5 21. Rd7 Re8 22. Qd5 Rd8 23. Rxd8+ Qxd8 24. Qf3 Qc8 25. Rc1 Qe8 26. Rc7 Rc8 27. Ra7 a4 28. Qb7 Bf8 29. Qd5 a3 0-1

[Event "Antioquia op"]
[Site "Antioquia"]
[Date "2020.03.04"]
[Round "2"]
[White "Giraldo Alvarez, Simon"]
[Black "Cuervo Velasquez, Juan Manuel"]
[Result "1-0"]
[WhiteElo "1407"]
[BlackElo "1149"]
[PlyCount "24"]
[EventDate "2020.03.03"]
[EventType "swiss"]
[EventRounds "9"]
[EventCountry "COL"]
[SourceTitle "CBM 195 Extra"]
[Source "ChessBase"]
[SourceDate "2020.05.31"]
[SourceVersion "1"]
[SourceVersionDate "2020.05.31"]
[SourceQuality "1"]

1. e4 c5 2. Nf3 d6 3. d4 cxd4 4. Nxd4 Nf6 5. Nc3 a6 6. Be3 e5 7. Nb3 Be6 8. f3 Be7 9. Qd2 Nbd7 10. 0-0-0 0-0 11. g4 Qc7 12. g5 Nh5 1-0

[Event "Pan American-ch School U13"]
[Site "Medellin"]
[Date "2019.11.17"]
[Round "9"]
[White "Da Rosa, Henrique Jaze Simoe"]
[Black "Giraldo Alvarez, Simon"]
[Result "1-0"]
[WhiteElo "1814"]
[BlackElo "1387"]
[PlyCount "74"]
[EventDate "2019.11.12"]
[EventType "swiss"]
[EventRounds "9"]
[EventCountry "COL"]
[SourceTitle "CBM 193 Extra"]
[Source "ChessBase"]
[SourceDate "2020.01.31"]
[SourceVersion "1"]
[SourceVersionDate "2020.01.31"]
[SourceQuality "1"]

1. Nf3 Nf6 2. c4 e6 3. g3 Be7 4. Bg2 d5 5. 0-0 0-0 6. d4 c5 7. cxd5 exd5 8. Nc3 Nc6 9. Na4 b6 10. Bf4 Bg4 11. dxc5 bxc5 12. Rc1 Qa5 13. Bd2 Qb5 14. Re1 Rad8 15. Bf4 d4 16. b3 Nd5 17. Bg5 f6 18. Bd2 Ncb4 19. a3 Ne3 20. fxe3 dxe3 21. axb4 Bxf3 22. Rc2 Bxg2 23. Kxg2 Qb7+ 24. Kg1 c4 25. bxc4 Bxb4 26. Nc3 Qb6 27. Kg2 Qc6+ 28. Nd5 Bxd2 29. Rf1 Rd7 30. Rf4 Rc8 31. Rd4 Qc5 32. Nxf6+ gxf6 33. Rxd7 Qc6+ 34. Rd5 Rd8 35. Kg1 Rxd5 36. cxd5 Qxd5 37. Rc8+ Kg7 1-0